Districts of Lima (Excluding Callao) - Statistics

General Stats
  • This quiz has been taken 292 times
  • The average score is 27 of 43
Answer Stats
% Correct
Miraflores
97%
San Isidro
85%
San Juan de Lurigancho
85%
La Molina
83%
Barranco
82%
La Victoria
79%
Ate
78%
Lima
78%
San Borja
77%
Chorrillos
75%
San Juan de Miraflores
74%
San Miguel
74%
Santiago de Surco
74%
Magdalena del Mar
73%
Surquillo
73%
San Martín de Porres
66%
Breña
65%
Comas
65%
Lince
63%
Los Olivos
63%
Villa El Salvador
62%
Ancón
61%
Villa María del Triunfo
61%
Pachacamac
60%
Rímac
59%
Jesús María
58%
Puente Piedra
56%
Carabayllo
55%
Pueblo Libre
55%
Lurigancho
54%
Punta Hermosa
54%
Cieneguilla
53%
Lurín
53%
San Luis
53%
Punta Negra
52%
Independencia
51%
San Bartolo
50%
Chaclacayo
48%
Santa Anita
48%
Santa Rosa
47%
Pucusana
46%
El Agustino
45%
Santa María del Mar
36%
No matching quizzes found
Score Distribution
Percent of People with Each Score
Percentile by Number Answered
Your Score History
You have not taken this quiz